000 00348nam a22001337a 4500
020 _a978-81-8481-400-2
082 _a500
_bCBSE/S
100 _aOSWAAL BOOKS
245 _aCBSE CCE QUESTION BANK SCIENCE
_bCLASS IX
260 _aAGRA
_bOSWAAL BOOKS
_c2012
300 _a168
650 _aSCIENCE QUESTION BANK WITH COMPLETE SOLUTIONS
_zINDIA
942 _cBK
999 _c927
_d927